Mass transfer operations

Na minha lista:
Detalhes bibliográficos
Autor principal: Treybal, Robert Ewald (Author)
Formato: Livro
Idioma:inglês
Publicado em: Tokio McGraw-Hill 1968
Edição:2a. ed
Colecção:McGraw-Hill Chemical Engineering Series
Assuntos:
Tags: Adicionar Tag
Sem tags, seja o primeiro a adicionar uma tag!

MARC

LEADER 00000nam a2200000 a 4500
001 UCU7049
003 CL-VaPUC
008 960628e19680000JA |||||||||||||||||eng|d
082 0 4 |a 660.284  |b TRE  |2 21 
100 0 |a Treybal, Robert Ewald  |e author  |9 365545 
245 1 0 |a Mass transfer operations 
250 |a 2a. ed 
300 |a 717 p 
942 |c BK 
945 |d 19960628 00:00:00  |a cmena 
260 |a Tokio  |b McGraw-Hill  |c 1968 
650 0 |a Química  |9 259896 
650 0 |a Reacciones químicas  |9 259438 
650 0 |a Mecánica de fluidos   |9 259464 
650 7 |a MECANICA DE GASES  |2 CL-VaPUC  |9 360152 
650 0 |a Líquidos  |9 260946 
650 0 |a Termodinámica   |9 259320 
650 0 |a Absorción  |9 306982 
650 7 |a HUMEDAD  |2 CL-VaPUC  |9 259412 
650 0 |a Destilación  |9 263952 
583 |a last modification  |c 19960628 00:00:00  |k Rodrigo Vera 
490 0 |a McGraw-Hill Chemical Engineering Series 
999 |c 249759  |d 249757 
952 |0 0  |1 0  |4 0  |6 660_284000000000000_TRE_1968  |7 0  |8 A  |9 267254  |a BIBING  |b BIBING  |d 2019-11-19  |i 169720K  |o 660.284 TRE 1968  |p 169720K  |r 2025-01-20  |w 2019-11-19  |y BK  |k EIB 
952 |0 0  |1 0  |4 0  |6 660_284000000000000_TRE_1968  |7 0  |8 A  |9 267255  |a BIBING  |b BIBING  |d 2019-11-19  |i 1699563  |o 660.284 TRE 1968  |p 1699563  |r 2025-01-20  |w 2019-11-19  |y BK  |k EIB 
952 |0 0  |1 0  |4 0  |6 660_284000000000000_TRE_1968  |7 0  |8 A  |9 267256  |a BIBALI  |b BIBALI  |c GEN  |d 2019-11-19  |i 1963007  |o 660.284 TRE 1968  |p 1963007  |r 2025-01-20  |w 2019-11-19  |y BK  |k ALI 
952 |0 0  |1 0  |4 0  |6 660_284000000000000_TRE_1968  |7 0  |8 A  |9 267257  |a BIBING  |b BIBING  |d 2019-11-19  |i 3837165  |l 1  |o 660.284 TRE 1968  |p 3837165  |r 2025-01-20  |s 2023-11-09  |w 2019-11-19  |y BK  |k ING